Edward Thomas: last four years (Record no. 135457)

MARC details
000 -LEADER
fixed length control field 00449nam a2200193Ia 4500
008 - FIXED-LENGTH DATA ELEMENTS--GENERAL INFORMATION
fixed length control field 210210b1958 xxu||||| |||| 00| 0 eng d
041 ## - LANGUAGE CODE
Language code of text/sound track or separate title eng
082 ## - DEWEY DECIMAL CLASSIFICATION NUMBER
Classification number 828/221
100 ## - MAIN ENTRY--PERSONAL NAME
Personal name FARJEON (Eleanor)
245 ## - TITLE STATEMENT
Title Edward Thomas: last four years
260 ## - PUBLICATION, DISTRIBUTION, ETC.
Place of publication, distribution, etc. London
Name of publisher, distributor, etc. Oxford University Press
Date of publication, distribution, etc. 1958
650 ## - SUBJECT ADDED ENTRY--TOPICAL TERM
Topical term or geographic name entry element years
650 ## - SUBJECT ADDED ENTRY--TOPICAL TERM
Topical term or geographic name entry element Thomas:
650 ## - SUBJECT ADDED ENTRY--TOPICAL TERM
Topical term or geographic name entry element last
650 ## - SUBJECT ADDED ENTRY--TOPICAL TERM
Topical term or geographic name entry element four
650 ## - SUBJECT ADDED ENTRY--TOPICAL TERM
Topical term or geographic name entry element Edward
690 ## - LOCAL SUBJECT ADDED ENTRY--TOPICAL TERM (OCLC, RLIN)
Topical term or geographic name as entry element Biography
906 ## - LOCAL DATA ELEMENT F, LDF (RLIN)
a 016067
Holdings
Withdrawn status Lost status Damaged status Not for loan Collection code Home library Current library Shelving location Date acquired Cost, normal purchase price Total Checkouts Full call number Barcode Date last seen Price effective from Koha item type
          St Aloysius Library St Aloysius Library   02/17/2021 0.00   828/221 016067 02/17/2021 02/17/2021 Book